Vista normal Vista MARC

Entrada Materia (personas)

Número de registros utilizados en: 1

001 - CONTROL NUMBER

  • control field: 53499

003 - CONTROL NUMBER IDENTIFIER

  • control field: Co-BoUCM

005 - DATE AND TIME OF LATEST TRANSACTION

  • control field: 20140116172917.0

008 - FIXED-LENGTH DATA ELEMENTS

  • fixed length control field: 140116|| aca||aabn | a|a d

040 ## - CATALOGING SOURCE

  • Original cataloging agency: Co-BoUCM
  • Transcribing agency: Co-BoUCM

100 ## - HEADING--PERSONAL NAME

  • Personal name: Fernández de Soto, Absalon., Magistrado Ponente

670 ## - SOURCE DATA FOUND

  • Source citation: Work cat.: (Co-BoUCM)84542: Colombia. Corte Suprema de Justicia 4026, Las garantias constitucionales en el proceso penal: sentencia del 13 de mayo de 1941 de la Corte suprema de Justicia, sobre inexequibilidad parcial del artículo 722 de la ley 94 de 1938 (código de procedimiento penal), 1941